000 00974nam a22002897a 4500
001 7419
003 FISKH
005 20250714144409.0
008 250714b cb ||||| |||| 00| 0 eng d
020 _a9780340884355
040 _aFISKH
_beng
_cFISKH
_dFISKH
050 _aPZ7.M869647 M
082 _a823
100 _aMuchamore, Robert
245 _aMaximum security /
_cBy Robert Muchamore
250 _aThis edition published 2014
260 _aLondon :
_bHodder Children's Books ,
_c2005.
300 _a286 pages :
_billustrations ;
_c20 cm .
490 _aCHERUB
_v3
505 _aU
520 _aIn order to contact his parent, an illegal weapons dealer, CHERUB comes up with a plan to break the son out of his maximum security prison, but the plan is complicated and will require all their collective skills.
521 8 _a820
_bLexile
521 8 _aU
_bRaz-Plus
650 _aEspionage
_vFiction
942 _2ddc
_cBK
_n0
999 _c7419
_d7419